[Event "Moscow Petrosian Memorial op"]
[Site "Moscow"]
[Date "2015.01.10"]
[Round "7"]
[White "Selivanov, Daniil"]
[Black "Abdullaev, Elchin"]
[Result "1-0"]
[WhiteElo "1917"]
[BlackElo "1707"]
[PlyCount "87"]
[EventDate "2015.01.04"]
[EventType "swiss"]
[EventRounds "9"]
[EventCountry "RUS"]
[SourceTitle "CBM 164 Extra"]
[Source "ChessBase"]
[SourceDate "2015.03.02"]
[SourceVersion "1"]
[SourceVersionDate "2015.03.02"]
[SourceQuality "1"]

1. Nf3 Nf6 2. g3 d5 3. Bg2 c6 4. 0-0 Bg4 5. c4 e6 6. d4 dxc4 7. Ne5 Bh5 8. Nxc4 Be7 9. Nc3 0-0 10. h3 Nbd7 11. g4 Bg6 12. e4 Nb6 13. Ne5 Nfd7 14. Nxg6 hxg6 15. Bf4 Re8 16. Kh1 Nf8 17. Bg3 Bd6 18. f4 Qc7 19. e5 Be7 20. Qf3 Qd7 21. Rad1 Nd5 22. Nxd5 Qxd5 23. Qf2 Qd7 24. f5 gxf5 25. gxf5 exf5 26. d5 c5 27. e6 fxe6 28. dxe6 Qb5 29. Qxf5 Bf6 30. e7 Rxe7 31. Bd5+ Kh8 32. Bd6 Re2 33. Bxf8 Re5 34. Qg4 Rxf8 35. Rf5 Rxf5 36. Qxf5 Qe2 37. Rf1 Be7 38. Bf7 Bf6 39. Bh5 Qe3 40. Bf3 Qe5 41. Qg4 Qg5 42. Qe4 Qh4 43. Bg4 b6 44. Rf5 1-0

[Event "Moscow Petrosian Memorial op"]
[Site "Moscow"]
[Date "2015.01.08"]
[Round "5"]
[White "Selivanov, Daniil"]
[Black "Kharitonov, Ivan"]
[Result "1-0"]
[WhiteElo "1917"]
[BlackElo "1738"]
[PlyCount "81"]
[EventDate "2015.01.04"]
[EventType "swiss"]
[EventRounds "9"]
[EventCountry "RUS"]
[SourceTitle "CBM 164 Extra"]
[Source "ChessBase"]
[SourceDate "2015.03.02"]
[SourceVersion "1"]
[SourceVersionDate "2015.03.02"]
[SourceQuality "1"]

1. d4 Nf6 2. Nf3 g6 3. c4 Bg7 4. Nc3 0-0 5. Bg5 d6 6. e3 Nbd7 7. Be2 c6 8. 0-0 Qc7 9. Qc2 e5 10. dxe5 dxe5 11. Rad1 Nc5 12. Bxf6 Bxf6 13. b4 Ne6 14. Ne4 Bg7 15. Nd6 c5 16. Nb5 Qe7 17. Rd5 cxb4 18. Rfd1 Nc7 19. Nxc7 Qxc7 20. c5 Be6 21. Rd6 Rac8 22. Ng5 Qxc5 23. Qxc5 Rxc5 24. Nxe6 fxe6 25. Rxe6 Rc2 26. Bf3 Rxa2 27. Re7 Ra3 28. h3 Bf6 29. Rxb7 Rd8 30. Rxd8+ Bxd8 31. Bd5+ Kf8 32. Rxb4 Ra1+ 33. Kh2 Be7 34. Rb8+ Kg7 35. Rb7 Kf8 36. Rb8+ Kg7 37. Rb7 Kf8 38. Kg3 a5 39. Kf3 a4 40. Ke4 Bf6 41. Rf7+ 1-0